| 000 | 00366nam a2200109Ia 4500 | ||
|---|---|---|---|
| 008 | 200302s9999 xx 000 0 und d | ||
| 100 | _aSchool of Interior Design | ||
| 245 | _aInterior Design Traditions in India Post- Liberlization, 31st August-02 September 2008 | ||
| 260 | _bSid Research Cell School Interior design Publishing | ||
| 260 | _c2008 | ||
| 300 | _a145 P., | ||
| 999 |
_c3185 _d3185 |
||